| 000 | 00513nam a2200181Ia 4500 | ||
|---|---|---|---|
| 008 | 090124s9999 xx 000 0 und d | ||
| 082 | _b105993 | ||
| 100 | _aअदवंत म. ना. | ||
| 245 | _a मनाची मुशाफरी | ||
| 250 | _a1 | ||
| 260 | _c1956 | ||
| 300 | _a134 | ||
| 600 | _aअदवंत म. ना. | ||
| 630 | _a मनाची मुशाफरी | ||
| 700 | _aअदवंत म. ना. | ||
| 730 | _a मनाची मुशाफरी | ||
| 942 | _cBOOK | ||
| 999 |
_c152084 _d152084 |
||